The complete work of Michelangelo
محفوظ في:
| التنسيق: | كتاب |
|---|---|
| اللغة: | Undetermined |
| منشور في: |
New York
Reynal and Company
|
| الموضوعات: | |
| الوسوم: |
إضافة وسم
لا توجد وسوم, كن أول من يضع وسما على هذه التسجيلة!
|
| Thư viện lưu trữ: | Trung tâm Học liệu Trường Đại học Cần Thơ |
|---|
| LEADER | 00391nam a2200145Ia 4500 | ||
|---|---|---|---|
| 001 | CTU_104864 | ||
| 008 | 210402s9999 xx 000 0 und d | ||
| 082 | |a 709.45 | ||
| 082 | |b C737 | ||
| 245 | 4 | |a The complete work of Michelangelo | |
| 260 | |a New York | ||
| 260 | |b Reynal and Company | ||
| 650 | |a Michelangelo | ||
| 904 | |i M.Loan | ||
| 980 | |a Trung tâm Học liệu Trường Đại học Cần Thơ | ||